[Event "ChBLR2010"]
[Site "Minsk"]
[Date "2010.01.22"]
[Round "11.1"]
[White "Kolesnik, Eduard"]
[Black "Aleksandrov, Aleksej"]
[Result "1-0"]
[WhiteElo "2373"]
[BlackElo "2617"]
[PlyCount "53"]
[EventDate "2010.01.13"]
[SourceDate "2010.01.13"]

1. e4 e5 2. Nf3 Nc6 3. Bc4 Bc5 4. O-O Nf6 5. d4 Bxd4 6. Nxd4 Nxd4 7. f4 d6 8.
fxe5 dxe5 9. Bg5 Qd6 10. Na3 Qb6 11. Kh1 Bd7 12. Bxf7+ Kxf7 13. c3 Raf8 14. Nc4
Qe6 15. cxd4 Qxc4 16. dxe5 Bc6 17. exf6 h6 18. Qg4 hxg5 19. fxg7+ Kxg7 20.
Qxg5+ Kh7 21. Qe7+ Kg6 22. Rxf8 Rxf8 23. Qxf8 Bxe4 24. Rf1 Qe6 25. Qf4 c5 26.
Qg3+ Kh5 27. Rf4 1-0

[Event "ChBLR2010"]
[Site "Minsk"]
[Date "2010.01.22"]
[Round "11.2"]
[White "Podolchenko, Evgeniy"]
[Black "Azarov, Sergei"]
[Result "1/2-1/2"]
[WhiteElo "2450"]
[BlackElo "2622"]
[PlyCount "51"]
[EventDate "2010.01.13"]
[SourceDate "2010.01.13"]

1. d4 Nf6 2. c4 e6 3. Nc3 Bb4 4. Qc2 d5 5. cxd5 exd5 6. Bg5 c5 7. dxc5 h6 8.
Bh4 g5 9. Bg3 Ne4 10. e3 Qa5 11. Nge2 Bf5 12. Bxb8 Rxb8 13. Nd4 Bd7 14. Bd3
Bxc3+ 15. bxc3 Qxc3+ 16. Qxc3 Nxc3 17. Rc1 Nxa2 18. Rb1 Nc3 19. Rb3 Na4 20. c6
Bxc6 21. Nxc6 Nc5 22. Rb1 Nxd3+ 23. Ke2 Ra8 24. Rxb7 Nc5 25. Rxa7 Rxa7 26. Nxa7
1/2-1/2

[Event "ChBLR2010"]
[Site "Minsk"]
[Date "2010.01.22"]
[Round "11.5"]
[White "Zhigalko, Sergei"]
[Black "Lutsko, Igor"]
[Result "1-0"]
[WhiteElo "2668"]
[BlackElo "2415"]
[PlyCount "83"]
[EventDate "2010.01.13"]
[SourceDate "2010.01.13"]

1. e4 d6 2. d4 Nf6 3. Nc3 g6 4. Nf3 Bg7 5. h3 O-O 6. Be3 c6 7. a4 e5 8. dxe5
dxe5 9. Qxd8 Rxd8 10. Bc4 Nbd7 11. a5 Re8 12. Ke2 Nh5 13. Rhd1 Nf4+ 14. Kf1 h6
15. Nd2 Ne6 16. Nb3 Bf8 17. Na4 Kg7 18. f3 Nc7 19. Nbc5 Nxc5 20. Nxc5 Be7 21.
Nd7 Bg5 22. Bc5 Ne6 23. Bf2 Nc7 24. Rd3 h5 25. h4 Bh6 26. Rad1 g5 27. Nxe5 Rxe5
28. Bd4 Kf6 29. hxg5+ Bxg5 30. g3 Be6 31. Bxe6 Nxe6 32. f4 Nxd4 33. fxe5+ Kg6
34. Rxd4 Re8 35. Rd6+ Kg7 36. e6 Bf6 37. exf7 Kxf7 38. Rd7+ Kg6 39. Rxb7 Rxe4
40. Rd6 Kg5 41. Rxc6 Re3 42. Rb5+ 1-0

[Event "ChBLR2010"]
[Site "Minsk"]
[Date "2010.01.22"]
[Round "11.6"]
[White "Stupak, Kirill"]
[Black "Kovalev, Vladislav"]
[Result "1-0"]
[WhiteElo "2459"]
[BlackElo "2349"]
[PlyCount "83"]
[EventDate "2010.01.13"]
[SourceDate "2010.01.13"]

1. d4 Nf6 2. g3 d5 3. Nf3 c6 4. Bg2 Bf5 5. O-O h6 6. c4 Nbd7 7. cxd5 cxd5 8.
Nc3 e6 9. Bf4 Nh5 10. Bd2 Be7 11. Qb3 Qb6 12. Rfc1 O-O 13. Na4 Qxb3 14. axb3
Rfc8 15. b4 b6 16. Rxc8+ Rxc8 17. Nc3 Nhf6 18. Nb5 Rc2 19. Bc3 Ne4 20. Ne1 Rxe2
21. Bxe4 dxe4 22. Kf1 Bg4 23. h3 Bf3 24. Rxa7 Bg5 25. Rxd7 e3 26. Nxf3 Rxf2+
27. Ke1 Rxf3 28. d5 exd5 29. h4 Bf6 30. Bxf6 Rxf6 31. Nc3 Rg6 32. Ne2 Rg4 33.
b5 Rb4 34. Rxd5 Rxb2 35. Nc3 Rb3 36. Rd3 g5 37. hxg5 hxg5 38. Ke2 Kg7 39. Rxe3
Kg6 40. Kd3 Rb4 41. Re4 Rb2 42. g4 1-0